[Event "Mittelrhein Verbandsliga-N 17/18"]
[Site "Nordrheinwestfalen"]
[Date "2018.02.25"]
[Round "8.6"]
[White "Kamphausen, Johannes Dieter"]
[Black "Pirastu, Mario"]
[Result "1-0"]
[WhiteElo "1734"]
[BlackElo "1531"]
[PlyCount "77"]
[EventDate "2017.09.10"]
[EventType "team-swiss"]
[EventRounds "11"]
[EventCountry "GER"]
[SourceTitle "EXT 2022"]
[Source "ChessBase"]
[SourceDate "2021.10.06"]
[SourceVersion "1"]
[SourceVersionDate "2021.10.06"]
[SourceQuality "1"]
[WhiteTeam "Hitdorf SV Springer"]
[BlackTeam "Gruenfeld"]
[WhiteTeamCountry "GER"]
[BlackTeamCountry "GER"]

1. e4 Nc6 2. Nf3 e5 3. d4 exd4 4. Nxd4 Nxd4 5. Qxd4 Qf6 6. e5 Qc6 7. Nc3 Bc5 8. Qd5 Ne7 9. Qxc6 Nxc6 10. Nd5 Bb6 11. a4 0-0 12. f4 d6 13. Bb5 Nd4 14. Bd3 dxe5 15. Nxb6 axb6 16. fxe5 Be6 17. 0-0 c5 18. b3 b5 19. Ba3 b4 20. Bb2 Rfd8 21. Rae1 Rac8 22. Rf4 h6 23. Bxd4 Rxd4 24. Rxd4 cxd4 25. Re4 Rd8 26. h3 g6 27. Re2 b6 28. Kf2 Kg7 29. Be4 Bd5 30. Bxd5 Rxd5 31. e6 Kf8 32. exf7 Kxf7 33. Re4 Kf6 34. Ke2 Rc5 35. Kd2 Rd5 36. Kd3 Rc5 37. Rxd4 Rc3+ 38. Kd2 Rg3 39. Rg4 1-0

[Event "Mittelrhein Verbandsliga-M 16/17"]
[Site "Nordrheinwestfalen"]
[Date "2017.01.29"]
[Round "7.7"]
[White "Reuter, Markus"]
[Black "Pirastu, Mario"]
[Result "0-1"]
[WhiteElo "1688"]
[BlackElo "1507"]
[PlyCount "58"]
[EventDate "2016.09.11"]
[EventType "team-tourn"]
[EventRounds "11"]
[EventCountry "GER"]
[SourceTitle "EXT 2022"]
[Source "ChessBase"]
[SourceDate "2021.10.06"]
[SourceVersion "1"]
[SourceVersionDate "2021.10.06"]
[SourceQuality "1"]
[WhiteTeam "Niederkassel III"]
[BlackTeam "Gruenfeld"]
[WhiteTeamCountry "GER"]
[BlackTeamCountry "GER"]

1. d4 d5 2. c4 dxc4 3. e3 Nf6 4. Bxc4 Bg4 5. Qb3 e6 6. Qxb7 Nbd7 7. f3 Bh5 8. Ne2 Be7 9. 0-0 0-0 10. Qb3 e5 11. Nbc3 Bg6 12. e4 exd4 13. Nxd4 Ne5 14. Be3 Rb8 15. Bxf7+ Bxf7 16. Qc2 Nc4 17. Nf5 Nxe3 18. Nxe3 Bc5 19. Qe2 Bxe3+ 20. Qxe3 Rxb2 21. Rfd1 Qb8 22. e5 Ne8 23. e6 Bg6 24. e7 Rf6 25. Nd5 Rd6 26. Qf4 Bf7 27. Rac1 Qb5 28. Qf5 Qe2 29. Ne3 Qxe3+ 0-1

[Event "Mittelrhein Verbandsliga-M 15/16"]
[Site "Nordrheinwestfalen"]
[Date "2016.04.10"]
[Round "10.7"]
[White "Vogel, Ulrich"]
[Black "Pirastu, Mario"]
[Result "1-0"]
[WhiteElo "2053"]
[BlackElo "1431"]
[PlyCount "43"]
[EventDate "2015.09.06"]
[EventType "team-tourn"]
[EventRounds "11"]
[EventCountry "GER"]
[SourceTitle "EXT 2022"]
[Source "ChessBase"]
[SourceDate "2021.10.06"]
[SourceVersion "1"]
[SourceVersionDate "2021.10.06"]
[SourceQuality "1"]
[WhiteTeam "Kalker/Deutzer SG"]
[BlackTeam "Gruenfeld"]
[WhiteTeamCountry "GER"]
[BlackTeamCountry "GER"]

1. d4 d5 2. Bf4 Nf6 3. e3 Bf5 4. c4 e6 5. Nc3 a6 6. Qb3 b6 7. Nf3 Be7 8. Qa4+ Nfd7 9. cxd5 0-0 10. Be2 Nf6 11. dxe6 Bxe6 12. Ne5 Nd5 13. Bg3 Nxc3 14. bxc3 Bd5 15. 0-0 b5 16. Qc2 Bb7 17. a4 f6 18. Nf3 bxa4 19. Rxa4 Bc6 20. Ra5 f5 21. Ne5 Bd5 22. Rxd5 1-0

[Event "Mittelrhein Verbandsliga-M 15/16"]
[Site "Nordrheinwestfalen"]
[Date "2016.03.13"]
[Round "9.7"]
[White "Pirastu, Mario"]
[Black "Hagen, Henk"]
[Result "1/2-1/2"]
[WhiteElo "1431"]
[BlackElo "1519"]
[PlyCount "101"]
[EventDate "2015.09.06"]
[EventType "team-tourn"]
[EventRounds "11"]
[EventCountry "GER"]
[SourceTitle "EXT 2022"]
[Source "ChessBase"]
[SourceDate "2021.10.06"]
[SourceVersion "1"]
[SourceVersionDate "2021.10.06"]
[SourceQuality "1"]
[WhiteTeam "Gruenfeld"]
[BlackTeam "Langenfeld II"]
[WhiteTeamCountry "GER"]
[BlackTeamCountry "GER"]

1. e4 e5 2. Nf3 Nc6 3. Nc3 Bb4 4. a3 Ba5 5. Bc4 d6 6. d4 exd4 7. Nxd4 Bxc3+ 8. bxc3 Ne5 9. Be2 Nf6 10. Bg5 h6 11. Bxf6 Qxf6 12. 0-0 0-0 13. f4 Ng6 14. Qd2 Re8 15. Bd3 Bd7 16. Rae1 Re7 17. e5 dxe5 18. fxe5 Qb6 19. Bxg6 Qxg6 20. Qd3 Rae8 21. e6 Bxe6 22. Qxg6 fxg6 23. Nxe6 Rxe6 24. Rxe6 Rxe6 25. Rd1 Re7 26. Kf2 Kf7 27. Rd3 Ke6 28. Rd4 Rd7 29. Ke3 Rd5 30. g4 Rxd4 31. cxd4 Kd5 32. Kd3 h5 33. c4+ Ke6 34. h3 Kf6 35. Ke4 Kg5 36. c5 c6 37. d5 cxd5+ 38. Kxd5 hxg4 39. hxg4 Kxg4 40. Kd6 Kf4 41. Kc7 g5 42. Kxb7 g4 43. c6 g3 44. c7 g2 45. c8Q g1Q 46. Qf8+ Ke4 47. Qe7+ Kf3 48. Qf7+ Ke2 49. Qc4+ Kf2 50. Qd4+ Kf1 51. Qd3+ 1/2-1/2

[Event "Mittelrhein Verbandsliga-M 15/16"]
[Site "Nordrheinwestfalen"]
[Date "2016.02.21"]
[Round "8.8"]
[White "Pirastu, Mario"]
[Black "Olschewski, Martin"]
[Result "1/2-1/2"]
[WhiteElo "1431"]
[BlackElo "1729"]
[PlyCount "58"]
[EventDate "2015.09.06"]
[EventType "team-tourn"]
[EventRounds "11"]
[EventCountry "GER"]
[SourceTitle "EXT 2022"]
[Source "ChessBase"]
[SourceDate "2021.10.06"]
[SourceVersion "1"]
[SourceVersionDate "2021.10.06"]
[SourceQuality "1"]
[WhiteTeam "Gruenfeld"]
[BlackTeam "Eikamp Freibauer"]
[WhiteTeamCountry "GER"]
[BlackTeamCountry "GER"]

1. e4 e5 2. Nf3 Nf6 3. d4 Nxe4 4. dxe5 d6 5. Bc4 Be6 6. Bxe6 fxe6 7. c4 Nc6 8. exd6 Qxd6 9. 0-0 0-0-0 10. Qxd6 Bxd6 11. a3 Nc5 12. b4 Nb3 13. Ra2 Ncd4 14. Nxd4 Nxd4 15. Be3 e5 16. Nc3 Be7 17. Bxd4 exd4 18. Ne4 Bf6 19. Nxf6 gxf6 20. c5 Rd5 21. Rd2 c6 22. Rfd1 Rhd8 23. Rd3 b6 24. Rc1 bxc5 25. bxc5 Re8 26. f4 Re4 27. g3 Kb7 28. Rb3+ Kc8 29. Rd3 Kb7 1/2-1/2

[Event "Mittelrhein Verbandsliga-M 15/16"]
[Site "Nordrheinwestfalen"]
[Date "2016.01.31"]
[Round "7.6"]
[White "Dabringhaus, Andreas"]
[Black "Pirastu, Mario"]
[Result "0-1"]
[WhiteElo "1906"]
[BlackElo "1431"]
[PlyCount "92"]
[EventDate "2015.09.06"]
[EventType "team-tourn"]
[EventRounds "11"]
[EventCountry "GER"]
[SourceTitle "EXT 2022"]
[Source "ChessBase"]
[SourceDate "2021.10.06"]
[SourceVersion "1"]
[SourceVersionDate "2021.10.06"]
[SourceQuality "1"]
[WhiteTeam "Leverkusen SC Bayer"]
[BlackTeam "Gruenfeld"]
[WhiteTeamCountry "GER"]
[BlackTeamCountry "GER"]

1. e4 e5 2. Nf3 Nf6 3. d4 d5 4. dxe5 Nxe4 5. Bd3 Nc5 6. 0-0 Nxd3 7. Qxd3 Be7 8. c4 Be6 9. cxd5 Qxd5 10. Qe3 Nc6 11. Nc3 Qc5 12. Qf4 Qb4 13. Qg3 Qg4 14. Nb5 0-0-0 15. Re1 Qxg3 16. hxg3 a6 17. Nc3 h6 18. a3 g5 19. b4 g4 20. Nh2 b5 21. Bf4 h5 22. Nf1 Nd4 23. Ne3 h4 24. Ne4 h3 25. Ng5 Bxg5 26. Bxg5 Rd7 27. Bf6 Rh7 28. Bh4 hxg2 29. Kxg2 Nf3 30. Rh1 Nxe5 31. Rac1 f5 32. Rc5 Nd3 33. Rc3 f4 34. Rd1 fxe3 35. Rcxd3 e2 36. Rxd7 Rxd7 37. Re1 Bd5+ 38. Kg1 Bf3 39. Bf6 Rd1 40. Bc3 Kd7 41. Kh2 Ke6 42. a4 bxa4 43. b5 axb5 44. Bb4 Kd5 45. Ba5 c5 46. Bb4 Rxe1 0-1

[Event "Mittelrhein Verbandsliga-M 15/16"]
[Site "Nordrheinwestfalen"]
[Date "2016.01.10"]
[Round "6.7"]
[White "Beracz, Peter"]
[Black "Pirastu, Mario"]
[Result "0-1"]
[WhiteElo "1803"]
[BlackElo "1431"]
[PlyCount "76"]
[EventDate "2015.09.06"]
[EventType "team-tourn"]
[EventRounds "11"]
[EventCountry "GER"]
[SourceTitle "EXT 2022"]
[Source "ChessBase"]
[SourceDate "2021.10.06"]
[SourceVersion "1"]
[SourceVersionDate "2021.10.06"]
[SourceQuality "1"]
[WhiteTeam "Esch SF"]
[BlackTeam "Gruenfeld"]
[WhiteTeamCountry "GER"]
[BlackTeamCountry "GER"]

1. e4 e5 2. Nf3 d6 3. d4 exd4 4. Nxd4 c5 5. Nf3 Nc6 6. Nc3 Bd7 7. Bc4 h6 8. Bf4 Bg4 9. h3 Bh5 10. Qd3 Nf6 11. 0-0-0 Bxf3 12. Qxf3 Nd4 13. Bb5+ Nd7 14. Qd3 a6 15. Bxd7+ Qxd7 16. Nd5 Qc6 17. Rhe1 0-0-0 18. Kb1 g5 19. Bd2 Kb8 20. c3 Ne6 21. g3 Bg7 22. f4 f6 23. Ne7 Qd7 24. Nd5 Qc6 25. Bc1 Rhe8 26. Ne3 gxf4 27. Nf5 fxg3 28. Qxg3 Bf8 29. Qg6 Ng5 30. Nxh6 Bxh6 31. Qxh6 Nxe4 32. Bf4 Ka7 33. Qg6 d5 34. h4 Qb5 35. Re3 Rg8 36. Qf5 Rg2 37. b3 Qa5 38. a4 Nxc3+ 0-1